[Event "Zuerich Kortschnoj 80th sim"]
[Site "Zuerich"]
[Date "2011.03.26"]
[Round "1"]
[White "Kortschnoj, Viktor Lvovich"]
[Black "Meylan, Andre"]
[Result "1-0"]
[WhiteElo "2557"]
[BlackElo "1997"]
[Annotator "CB"]
[PlyCount "65"]
[EventDate "2011.03.26"]
[EventType "simul"]
[EventRounds "1"]
[EventCountry "SUI"]
[SourceTitle "CBM 141 Extra"]
[Source "ChessBase"]
[SourceDate "2011.05.03"]
[SourceVersion "1"]
[SourceVersionDate "2011.05.03"]
[SourceQuality "1"]

1. d4 e6 2. e4 d5 3. Nc3 Nf6 4. Bg5 Be7 5. e5 Nfd7 6. h4 a6 7. Qg4 Bxg5 8. hxg5
c5 9. g6 f5 10. exf6 $6 {10. Qf4 and 10. Qg3 are more common and lead to sharp
variations. But Korchnoi quickly goes for this side line.} Nxf6 11. Rxh7 {
The former world championship challenger thinks for a few seconds, nods and
goes for the sacrifice!} Rf8 {The complications begin on this board, and
Korchnoi wins his first game. He is always so impressive... 11... Rf8 is the
best defence:} (11... Nxh7 12. gxh7 Qf6 $2 {White wins with} 13. Nxd5 $1) 12.
Qh4 $6 {Inaccurate. Better was} (12. Qd1 {as in Hovhannisyan-Nepomniachtchi,
World Youth Stars 2006.}) 12... Nxh7 13. Qxd8+ Kxd8 14. gxh7 cxd4 15. Nce2 {
Black's position is better, but the Lion of Leningrad once again demonstrated
his ability to keep fighting.} e5 16. f4 e4 17. Nxd4 Nc6 18. O-O-O Rh8 19. Nb3
Rxh7 20. Rxd5+ Kc7 21. Ne2 Be6 22. Rg5 Bc4 23. Kd2 Rd8+ 24. Kc3 b5 25. Ng3 e3
26. Bd3 Bxd3 27. cxd3 Rd6 {Only two games were still in progress, and Black
has just twenty minutes left on his clock. He begins to feel the pressure.} 28.
d4 g6 29. Ne2 Ne7 30. Kd3 Nd5 31. Ke4 Rh4 $4 32. Rxd5 {Korchnoi says quite
loudly "Thank you!", something he has done twice already in this clock simul...
} Re6+ 33. Re5 {The last game is still in progress, but the chess legend
starts to analyse this one with his opponent. He says that the position (in
the last diagram) was still better for Black!} 1-0

[Event "Ptuj zt"]
[Site "Ptuj"]
[Date "1995.??.??"]
[Round "3"]
[White "Kortschnoj, Viktor Lvovich"]
[Black "Enders, Peter"]
[Result "1/2-1/2"]
[WhiteElo "2635"]
[BlackElo "2480"]
[Annotator "Hecht,H"]
[PlyCount "110"]
[EventDate "1995.04.??"]
[EventType "tourn"]
[EventRounds "15"]
[EventCountry "SLO"]
[EventCategory "10"]
[SourceTitle "CBM 047"]
[Source "ChessBase"]
[SourceDate "1995.08.01"]
[SourceVersion "1"]
[SourceVersionDate "1995.08.01"]
[SourceQuality "1"]

1. Nf3 Nf6 2. g3 g6 3. b3 b6 4. Bb2 Bb7 5. Bg2 Bg7 6. c4 c5 7. O-O O-O 8. Nc3
d5 9. Nxd5 Nxd5 10. Bxg7 Kxg7 11. cxd5 Qxd5 12. d4 cxd4 13. Qxd4+ Qxd4 14. Nxd4
Bxg2 15. Kxg2 a6 16. Rac1 Ra7 17. f4 Rd8 18. e3 Re8 19. f5 Rb7 20. Rc3 Nd7 21.
Rfc1 Ne5 22. h3 Rd8 23. g4 Kf6 24. Kg3 h5 25. fxg6 Kxg6 26. Kf4 f6 27. gxh5+
Kxh5 28. Rc8 Rxc8 29. Rxc8 Kg6 30. h4 Kf7 31. h5 Rd7 32. Rh8 Nd3+ 33. Kf3 Nc5
34. b4 Nd3 35. h6 Nxb4 36. Nf5 Nc6 37. Rh7+ (37. h7 $6 Kg6) 37... Kg6 38. Rg7+
{RN<->RN Motive: 1 weißer Rand-Frei-B, Taktik, ab Zug 47 T vs. Bauern} Kxf5 39.
h7 Ne5+ 40. Kg3 Nf7 $1 41. Rxf7 Rd8 42. Rg7 (42. Rxe7 Kg6 $10) 42... Rh8 43.
Kh4 e5 44. Kh5 Ke4 45. Kg6 Kxe3 46. Rg8 Rxh7 47. Kxh7 e4 (47... f5 48. Kg6 f4
49. Kf5 f3 50. Kxe5 f2 51. Rf8 Ke2 52. Kd5 f1=Q 53. Rxf1 Kxf1 54. Kc6 Ke2 55.
Kxb6 Kd3 56. Kxa6 Kc4 57. a4 Kc5 58. a5 Kc6 $10) 48. Kg6 Kf2 49. Rf8 e3 50.
Rxf6+ Kg2 51. Rxb6 e2 52. Rb1 Kf2 53. Kf5 e1=Q 54. Rxe1 Kxe1 55. Ke4 Kf2 (55...
Kd2 56. Kd4 a5 57. a4 Ke2 58. Kc5 Kd3 59. Kb5 Kd4 60. Kxa5 Kc5 $10) 1/2-1/2

[Event "Rubinstein Memorial"]
[Site "Polanica Zdroj"]
[Date "1992.??.??"]
[Round "7"]
[White "Kortschnoj, Viktor Lvovich"]
[Black "Cifuentes Parada, Roberto"]
[Result "1/2-1/2"]
[WhiteElo "2575"]
[BlackElo "2490"]
[Annotator "Ribli,Z"]
[PlyCount "112"]
[EventDate "1992.08.??"]
[EventType "tourn"]
[EventRounds "11"]
[EventCountry "POL"]
[EventCategory "12"]
[SourceTitle "CBM 031"]
[Source "ChessBase"]
[SourceDate "1992.12.01"]
[SourceVersion "1"]
[SourceVersionDate "1992.12.01"]
[SourceQuality "1"]

1. c4 e6 2. g3 d5 3. Bg2 Nf6 4. Nf3 dxc4 5. Qa4+ Nbd7 6. Qxc4 c5 7. Qb3 Rb8 8.
d3 Bd6 9. a4 b6 10. Nc3 (10. Na3 $5 a6 11. Nc4 Bc7 12. Bd2 Bb7 13. O-O O-O 14.
Qa3 Ra8 15. b4 b5 16. axb5 axb5 17. Na5 Bxa5 18. bxa5 Ra6 19. Qb2 Bc6 20. Rfc1
Qa8 21. Be3 $13 {Foisor,O-Luther,T Corfu 1991 52/18}) 10... a6 11. O-O Bb7 12.
Rd1 O-O 13. d4 Qe7 $10 14. Bg5 h6 15. Bxf6 Nxf6 16. e3 Rfd8 17. Qc4 (17. Rac1
$5) 17... Rbc8 18. Qe2 cxd4 19. Nxd4 Be5 20. Bxb7 Qxb7 21. Rd2 Bxd4 22. Rxd4
Rxd4 23. exd4 Rd8 24. Rd1 Nd5 25. Qf3 Rd7 26. Qe2 Qc8 27. Qd3 Nxc3 28. bxc3 Rc7
29. Qb1 Rxc3 30. Qxb6 Rc6 31. Qb3 Qd7 32. Rd3 Rd6 33. Qc4 g6 34. h4 h5 35. Kh2
a5 36. Rd1 Rd5 37. f4 Qb7 38. Rd2 Kg7 39. Rc2 Qb1 40. Kg2 Qe1 41. Qd3 Kh7 42.
Kh2 Rd6 43. Kg2 Rb6 44. Qe2 Qxe2+ 45. Rxe2 Rb4 46. Re5 Rxa4 47. d5 Ra2+ 48. Kf3
Ra3+ 49. Kf2 exd5 50. Rxd5 f5 51. Rb5 Ra2+ 52. Kf1 a4 53. Rb4 Kg7 54. Rd4 Kf7
55. Kg1 a3 56. Rd3 Ke6 1/2-1/2

[Event "Manila Interzonal"]
[Site "Manila"]
[Date "1990.??.??"]
[Round "10"]
[White "Damljanovic, Branko"]
[Black "Kortschnoj, Viktor Lvovich"]
[Result "1/2-1/2"]
[WhiteElo "2515"]
[BlackElo "2630"]
[Annotator "Ribli,Z"]
[PlyCount "26"]
[EventDate "1990.06.29"]
[EventType "swiss"]
[EventRounds "13"]
[EventCountry "PHI"]
[SourceTitle "CBM 019"]
[Source "ChessBase"]
[SourceDate "1990.12.01"]
[SourceVersion "1"]
[SourceVersionDate "1990.12.01"]
[SourceQuality "1"]

1. Nf3 Nf6 2. c4 e6 3. g3 d5 4. Bg2 dxc4 5. Qa4+ Nbd7 6. O-O a6 7. Qxc4 b5 8.
Qc2 Bb7 9. d3 c5 10. b3 Be7 11. Bb2 O-O 12. Nbd2 Rc8 13. Rac1 Nd5 {Ribli} (
13... Rc7 14. Qb1 Qa8 15. Qa1 Rfc8 $10 {1/4-1/4 Bischoff,K-Ribli,Z Munich 1990}
) 1/2-1/2

[Event "German Cup"]
[Site "Cologne"]
[Date "1989.??.??"]
[Round "5.1"]
[White "Huebner, Robert"]
[Black "Kortschnoj, Viktor Lvovich"]
[Result "1/2-1/2"]
[WhiteElo "2600"]
[BlackElo "2610"]
[Annotator "Schussler,H"]
[PlyCount "62"]
[EventDate "1989.??.??"]
[EventType "swiss (rapid)"]
[EventRounds "4"]
[EventCountry "GER"]
[SourceTitle "CBM 016"]
[Source "ChessBase"]
[SourceDate "1990.06.01"]
[SourceVersion "1"]
[SourceVersionDate "1990.06.01"]
[SourceQuality "1"]

1. e4 e5 2. Nf3 Nc6 3. Bb5 a6 4. Ba4 Nf6 5. O-O Nxe4 6. d4 b5 7. Bb3 d5 8. dxe5
Be6 9. Nbd2 Be7 10. c3 O-O 11. Bc2 f5 12. Nb3 (12. Nd4 Nxd4 13. cxd4 Nxd2 14.
Bxd2 c5 15. dxc5 Bxc5 16. Bb3 $14 {Short-Prasad, Subotica (izt) 1987}) 12...
Qd7 13. Nbd4 Nxd4 14. Nxd4 c5 15. Nxe6 Qxe6 16. f3 Ng5 17. a4 g6 18. Bxg5 Bxg5
19. f4 Be7 20. axb5 axb5 21. Rxa8 Rxa8 22. g4 fxg4 23. f5 gxf5 24. Rxf5 Ra6 25.
Kh1 Kh8 26. Qxg4 Ra1+ 27. Kg2 Qg8 28. Qxg8+ Kxg8 29. e6 Re1 30. Kf2 Rxe6 31.
Rxd5 Rd6 1/2-1/2

[Event "US CF Open-84"]
[Site "Pasadena"]
[Date "1983.08.16"]
[Round "9"]
[White "Kortschnoj, Viktor Lvovich"]
[Black "Benjamin, Joel"]
[Result "1/2-1/2"]
[WhiteElo "2600"]
[BlackElo "2475"]
[PlyCount "112"]
[EventDate "1983.08.07"]
[EventType "swiss"]
[EventRounds "12"]
[EventCountry "USA"]
[SourceTitle "EXT 2015"]
[Source "ChessBase"]
[SourceDate "2014.11.20"]
[SourceVersion "1"]
[SourceVersionDate "2014.11.20"]
[SourceQuality "1"]

1. Nf3 Nf6 2. c4 b6 3. g3 c5 4. Bg2 Bb7 5. O-O e6 6. Nc3 Be7 7. d4 cxd4 8. Qxd4
d6 9. Rd1 a6 10. Bg5 Nbd7 11. Qd2 O-O 12. Bf4 Ne8 13. b3 Qc7 14. Rac1 h6 15. e4
Rd8 16. Qe2 Nef6 17. h3 Rfe8 18. Nh2 Qb8 19. Ng4 Nxg4 20. Qxg4 Bf8 21. Qe2 Rc8
22. h4 Bc6 23. a4 Nc5 24. Rb1 Rcd8 25. Qc2 a5 26. Rd2 Rd7 27. Rbd1 Red8 28. Be3
Qb7 29. f3 Na6 30. Qb1 Nb4 31. Bd4 Qb8 32. Kf2 Ba8 33. Bh3 Re7 34. Nb5 ({
Korchnoi later suggested} 34. Be5 $1 Ree8 35. Bf4 Bc6 36. Nb5 Bxb5 37. axb5 {
and Black can only sit and wait}) 34... d5 $1 35. Bc3 (35. cxd5 exd5 36. e5
Rxe5 $1) 35... Ree8 36. exd5 exd5 37. Qf5 Bc6 38. Bf1 Bd7 39. Qf4 Qxf4 40. gxf4
Bxb5 41. axb5 Bc5+ 42. Bd4 Bxd4+ 43. Rxd4 Rd6 44. Bd3 Rf6 45. cxd5 Rd6 46. h5
Kf8 47. Be4 Rc8 48. Rc4 Rcd8 49. Kg3 Ke7 50. Rc7+ R8d7 51. Rxd7+ Rxd7 52. Kg4
Rd8 53. Kf5 Kd6 54. Rg1 Rg8 55. Rc1 Rd8 56. Kg4 Rf8 1/2-1/2

[Event "World Cup"]
[Site "Skelleftea"]
[Date "1989.08.??"]
[Round "7"]
[White "Seirawan, Yasser"]
[Black "Kortschnoj, Viktor Lvovich"]
[Result "1-0"]
[WhiteElo "2585"]
[BlackElo "2655"]
[Annotator "Bulletin"]
[PlyCount "235"]
[EventDate "1989.08.??"]
[EventType "tourn"]
[EventRounds "15"]
[EventCountry "SWE"]
[EventCategory "16"]
[SourceTitle "CBM 014"]
[Source "ChessBase"]
[SourceDate "1990.02.01"]
[SourceVersion "1"]
[SourceVersionDate "1990.02.01"]
[SourceQuality "1"]

1. d4 Nf6 2. c4 e6 3. Nf3 d5 4. Nc3 c5 5. cxd5 Nxd5 6. e4 Nxc3 7. bxc3 cxd4 8.
cxd4 Bb4+ 9. Bd2 Bxd2+ 10. Qxd2 O-O 11. Bc4 Nc6 12. O-O Ne7 {Bulletin:
'Kortschnojs Neuerung aus Piket,J-Kortschnoj,V/Amsterdam OHRA/'} 13. a4 (13.
Rfd1 b6 14. Rac1 Bb7 15. d5 exd5 16. exd5 Qd6 17. Nd4 Rad8 18. Nb5 Qf6 $10 {
Piket,J-Kortschnoj,V/Amsterdam OHRA/1/2-1/2/34/ -> CBM14}) 13... b6 14. a5 Bb7
15. Bd3 bxa5 16. Rfb1 Rb8 17. Rxa5 Nc6 18. Rab5 Ba8 19. d5 Rxb5 20. Rxb5 a6 21.
Rb1 exd5 22. exd5 Ne7 23. d6 Nd5 24. Ng5 h6 25. Ne4 a5 26. Rd1 Kh8 27. Bb1 f5
28. Nc3 Nb4 29. Ne2 Qf6 30. d7 Rd8 31. Ng3 Qc6 32. f3 Qc5+ 33. Kh1 Bc6 34. Bxf5
a4 35. Rc1 Qf8 36. Rc3 Ra8 37. h3 Rd8 38. Kh2 Qe7 39. Re3 Qf8 40. Rc3 Qe7 41.
Re3 Qf8 42. Qd4 Bxd7 {'=/+' Bulletin.} 43. Qh4 Nd5 44. Rd3 Bxf5 45. Nxf5 Rd7
46. Ne3 a3 47. Nxd5 a2 48. Nf4 Rxd3 49. Ng6+ Kg8 50. Nxf8 a1=Q 51. Qc4+ Kxf8
52. Qxd3 Qe5+ 53. Kg1 Qe1+ 54. Qf1 Qe5 55. Qd1 Qc5+ 56. Kf1 h5 57. Qd3 Kf7 58.
Qe4 g6 59. Ke2 Qg1 60. f4 Qb6 61. Qd5+ Kf6 62. Qe5+ Kf7 63. Qd5+ Kf6 64. Kf3
Qb1 65. Qd4+ Kf7 66. Qc4+ Kf6 67. Qc3+ Kf7 68. Qd2 Qb3+ 69. Kf2 Qe6 70. Kg3 Qe4
71. Kf2 Kf6 72. Qc3+ Kf7 73. Qe3 Qd5 74. g4 hxg4 75. hxg4 Qd7 76. Kg3 Qd6 77.
Qa7+ Kg8 78. Qa8+ Kf7 79. Qb7+ Kg8 80. Qc8+ Kf7 81. Qc4+ Kf8 82. Qc3 Kf7 83.
Qc4+ Kf8 84. Qe4 Kf7 85. Kh3 Qd8 86. Qc4+ Kf8 87. Qe6 Qd3+ 88. Kh4 Qd8+ 89. Kg3
Qd3+ 90. Kf2 Qd2+ 91. Kf3 Qd3+ 92. Qe3 Qd1+ 93. Kg3 Qd6 94. Qe5 Qb6 95. Kh4 Kf7
96. Qd5+ Ke7 97. Qe5+ Kf7 98. Qh8 Qd6 99. Qh7+ Kf6 100. Qh8+ Kf7 101. Qh7+ Kf6
102. g5+ Kf5 103. Qf7+ Ke4 104. Qc4+ Ke3 105. Kg3 Kd2 106. Qe4 Kc1 107. Kf3
Qd1+ 108. Qe2 Qd5+ 109. Kf2 Qd6 110. Qe5 Qd2+ 111. Kf3 Qd7 112. Ke4 Kb1 113.
Qd5 Qc7 114. Ke3 Qc1+ 115. Qd2 Qc6 116. Qd4 Kc1 117. Qf6 Qd5 118. Qc3+ 1-0

[Event "Hoogovens"]
[Site "Wijk aan Zee"]
[Date "1992.01.??"]
[Round "13"]
[White "Gelfand, Boris"]
[Black "Kortschnoj, Viktor Lvovich"]
[Result "1/2-1/2"]
[WhiteElo "2665"]
[BlackElo "2585"]
[Annotator "Schussler,H"]
[PlyCount "53"]
[EventDate "1992.01.??"]
[EventType "tourn"]
[EventRounds "13"]
[EventCountry "NED"]
[EventCategory "14"]
[SourceTitle "CBM 028"]
[Source "ChessBase"]
[SourceDate "1992.06.01"]
[SourceVersion "1"]
[SourceVersionDate "1992.06.01"]
[SourceQuality "1"]

1. d4 Nf6 2. c4 e6 3. Nf3 b6 4. a3 Bb7 5. Nc3 d5 6. Qa4+ c6 7. cxd5 Nxd5 $6 8.
Bd2 Nd7 {8. - g6} 9. e4 N5f6 {9. - Nc7} 10. e5 $1 Nd5 11. Nxd5 cxd5 12. Bg5 Be7
(12... f6 13. exf6 gxf6 14. Ne5 $5 $16) 13. Bxe7 Qxe7 14. Rc1 Qd8 15. Qb4 (15.
Bb5 a6 16. Bxd7+ Qxd7 17. Qb4 Qb5 18. Rc7 $16) 15... Rc8 16. Rxc8 Qxc8 17. Kd2
Bc6 $1 $16 18. Bd3 Nb8 19. Rc1 Qd7 20. a4 {20.Qf6!} f6 21. a5 Qe7 22. Qb3 (22.
Qxe7+ Kxe7 23. axb6 axb6 24. Ra1 $16) 22... Qb7 23. Bb5 Kd7 24. Bd3 Rc8 25. Rc3
f5 26. Qc2 Kd8 27. Ke1 1/2-1/2

[Event "Olympiad-23"]
[Site "Buenos Aires"]
[Date "1978.11.08"]
[Round "13"]
[White "Robatsch, Karl"]
[Black "Kortschnoj, Viktor Lvovich"]
[Result "1/2-1/2"]
[WhiteElo "2430"]
[BlackElo "2665"]
[Annotator "Robatsch,K"]
[PlyCount "67"]
[EventDate "1978.10.25"]
[EventType "team-swiss"]
[EventRounds "14"]
[EventCountry "ARG"]
[SourceTitle "EXT 2000"]
[Source "ChessBase"]
[SourceDate "1999.11.16"]
[SourceVersion "1"]
[SourceVersionDate "1999.11.16"]
[SourceQuality "1"]
[WhiteTeam "Austria"]
[BlackTeam "Switzerland"]
[WhiteTeamCountry "AUT"]
[BlackTeamCountry "SUI"]

{Inf.26/30} 1. c4 e5 2. Nc3 d6 3. d4 $1 exd4 4. Qxd4 Nc6 5. Qd2 g6 6. b3 Bg7 7.
Bb2 Nf6 8. g3 O-O 9. Nh3 $1 Ne5 10. Bg2 a5 $1 11. Rc1 (11. O-O a4 $1) 11...
Ned7 12. Nf4 Nc5 13. O-O c6 14. Nd3 (14. Rfd1 Ne8 15. Nd3 $16) 14... Nxd3 15.
Qxd3 d5 16. Ba3 dxc4 17. Qxc4 Be6 18. Qh4 Re8 19. Rfd1 Nd5 20. Qxd8 Raxd8 21.
Nxd5 Bxd5 22. Bxd5 cxd5 23. Kf1 b5 24. Rc2 $2 (24. Bc5 $16) 24... Rc8 $1 25.
Rdc1 Rxc2 26. Rxc2 b4 27. Bb2 Bxb2 28. Rxb2 Rc8 29. Ke1 Rc1+ 30. Kd2 Rh1 31. h4
Kf8 32. Rc2 Ra1 33. Kd3 Ke7 34. e4 1/2-1/2

[Event "EU-Cup-02 Final"]
[Site "Bad Lauterberg "]
[Date "1979.11.23"]
[Round "5.1"]
[White "Balashov, Yuri S"]
[Black "Kortschnoj, Viktor Lvovich"]
[Result "1/2-1/2"]
[WhiteElo "2600"]
[BlackElo "2695"]
[PlyCount "44"]
[EventDate "1979.??.??"]
[EventType "team-match"]
[EventRounds "2"]
[EventCountry "GER"]
[SourceTitle "EXT 2012"]
[Source "ChessBase"]
[SourceDate "2011.11.24"]
[SourceVersion "1"]
[SourceVersionDate "2011.11.24"]
[SourceQuality "1"]
[WhiteTeam "Burevestnik"]
[BlackTeam "Rotterdam Volmac"]
[WhiteTeamCountry "URS"]
[BlackTeamCountry "NED"]

1. e4 e5 2. Nf3 Nc6 3. Bb5 a6 4. Ba4 Nf6 5. O-O Nxe4 6. d4 b5 7. Bb3 d5 8. dxe5
Be6 9. c3 Be7 10. Nbd2 O-O 11. Bc2 f5 12. Nb3 Qd7 13. Nbd4 Nxd4 14. Nxd4 c5 15.
Nxe6 Qxe6 16. f3 Ng5 17. a4 g6 18. Bxg5 $146 (18. Re1 {Chajes,O-Thomas,G
Karlsbad 1923 (15) 0-1}) 18... Bxg5 19. f4 $14 {[%csl Ge5]} Be7 20. Qf3 b4 21.
Rfe1 Rfd8 22. cxb4 c4 {...} 1/2-1/2

[Event "World Cup"]
[Site "Skelleftea"]
[Date "1989.08.??"]
[Round "8"]
[White "Kortschnoj, Viktor Lvovich"]
[Black "Ribli, Zoltan"]
[Result "1/2-1/2"]
[WhiteElo "2655"]
[BlackElo "2605"]
[Annotator "Bulletin"]
[PlyCount "81"]
[EventDate "1989.08.??"]
[EventType "tourn"]
[EventRounds "15"]
[EventCountry "SWE"]
[EventCategory "16"]
[SourceTitle "CBM 014"]
[Source "ChessBase"]
[SourceDate "1990.02.01"]
[SourceVersion "1"]
[SourceVersionDate "1990.02.01"]
[SourceQuality "1"]

1. e4 c5 2. Nf3 d6 3. d4 cxd4 4. Nxd4 Nf6 5. Nc3 a6 6. Bc4 e6 7. Bb3 Nc6 {
'!' Bulletin.} 8. Be3 Qc7 9. Qe2 Na5 10. g4 b5 11. g5 b4 {'?' Bulletin.} (11...
Nd7 $1 12. Nxe6 (12. Bxe6 $6 fxe6 13. Nxe6 Qc4 $1 $15 14. Qxc4 Nxc4 15. Nc7+
Kd8 16. Nxa8 Nxe3 17. fxe3 Bb7 18. a4 b4) (12. f4 b4 13. Na4 Bb7 14. f5 e5 15.
Ne6 $5 (15. Nf3 Nxb3 16. cxb3 Bxe4 $17) 15... fxe6 16. fxe6 Nc5 17. Nxc5 dxc5
18. Bd5 O-O-O 19. O-O-O $44) (12. O-O-O Nc5 $5) 12... fxe6 13. Bxe6 Ne5 14. Nd5
Qc6 15. Bxc8 Rxc8 $13 {Kasparov}) 12. gxf6 bxc3 13. Ba4+ {'+/-!' Bulletin.} Bd7
14. Bxd7+ Qxd7 15. fxg7 Bxg7 16. b3 Nc6 17. Nxc6 Qxc6 18. Rg1 Bf6 19. Rd1 Ke7
20. Bf4 Rad8 21. Qe3 e5 22. Bg5 Rhg8 23. Rd3 Rg6 24. Rxc3 Qb7 25. Rc4 {'?'
Bulletin. Bulletin: '>= 25.Rg3!+-'} d5 26. Bxf6+ Kxf6 27. Rxg6+ hxg6 28. Qf3+
Kg7 29. exd5 Rxd5 30. h4 Qd7 31. h5 g5 32. a4 a5 33. Rc7 Qxc7 34. Qxd5 Qc3+ 35.
Qd2 Qa1+ 36. Ke2 Kh6 37. Qxa5 Kxh5 38. Qd5 f5 39. a5 g4 40. Qe6 f4 41. a6
1/2-1/2

[Event "World Cup"]
[Site "Skelleftea"]
[Date "1989.08.??"]
[Round "13"]
[White "Kortschnoj, Viktor Lvovich"]
[Black "Short, Nigel D"]
[Result "1/2-1/2"]
[WhiteElo "2655"]
[BlackElo "2660"]
[Annotator "Bulletin"]
[PlyCount "108"]
[EventDate "1989.08.??"]
[EventType "tourn"]
[EventRounds "15"]
[EventCountry "SWE"]
[EventCategory "16"]
[SourceTitle "CBM 014"]
[Source "ChessBase"]
[SourceDate "1990.02.01"]
[SourceVersion "1"]
[SourceVersionDate "1990.02.01"]
[SourceQuality "1"]

1. c4 e6 2. g3 d5 3. Bg2 g6 4. Nf3 Bg7 5. d4 Ne7 6. O-O O-O 7. Nbd2 Nbc6 8. e3
a5 {'?!' Bulletin.} (8... Re8 $5 {/\ ...e5}) 9. b3 {'+/-' Bulletin.} b6 10. Bb2
Bb7 11. a3 Qd7 12. Qc2 f5 13. Rac1 Rac8 14. Rfd1 h6 15. Bc3 Qe8 16. b4 axb4 17.
axb4 Nd8 18. c5 Bc6 19. Ra1 Nf7 20. Ra7 Bb5 21. Rda1 Nc6 22. R7a3 g5 23. Ne1 g4
24. Nd3 Bxd3 25. Qxd3 bxc5 26. bxc5 Ng5 27. Ra6 Nb8 28. Ra8 h5 29. f4 gxf3 30.
Nxf3 Ne4 31. Be1 Nc6 32. Rxc8 Qxc8 33. Qb5 Qe8 34. Kf1 Kf7 35. Ra6 Nb8 36.
Qxe8+ Rxe8 37. Ra7 Re7 38. Nh4 Bh6 39. Ke2 Bg5 40. Bf3 Nf6 41. Ng2 Nc6 42. Ra6
Nb8 43. Ra4 c6 44. Nf4 Nbd7 45. h4 Bh6 46. Nxh5 e5 47. Nxf6 Nxf6 48. dxe5 Rxe5
49. Bd2 Re6 50. Ra7+ Kg6 51. Ra6 Bf8 52. Bb4 Bh6 53. Bd2 Bf8 54. Ra5 Bh6
1/2-1/2

[Event "Hoogovens"]
[Site "Wijk aan Zee"]
[Date "1990.01.??"]
[Round "8"]
[White "Kortschnoj, Viktor Lvovich"]
[Black "Van der Wiel, John"]
[Result "1/2-1/2"]
[WhiteElo "2625"]
[BlackElo "2550"]
[Annotator "Ftacnik,L"]
[PlyCount "88"]
[EventDate "1990.01.??"]
[EventType "tourn"]
[EventRounds "13"]
[EventCountry "NED"]
[EventCategory "13"]
[SourceTitle "CBM 017"]
[Source "ChessBase"]
[SourceDate "1990.08.01"]
[SourceVersion "1"]
[SourceVersionDate "1990.08.01"]
[SourceQuality "1"]

1. d4 Nf6 2. c4 e6 3. Nc3 Bb4 4. Qc2 O-O 5. Bg5 c5 6. e3 h6 7. Bh4 cxd4 8. exd4
Nc6 9. Rd1 {N} (9. Nf3 Be7) 9... e5 $5 10. dxe5 $6 (10. Nf3 exd4 11. Nxd4 Re8+
12. Be2 $13) 10... Nxe5 11. Bd3 (11. a3 Bxc3+ 12. Qxc3 Re8 13. Be2 Ne4 $10)
11... Nxd3+ 12. Qxd3 (12. Rxd3 d6 {/\ Bf5}) 12... Bxc3+ 13. Qxc3 (13. bxc3 $5
Re8+ 14. Ne2) 13... Ne4 $1 14. Bxd8 Nxc3 15. bxc3 Rxd8 16. Rd4 b6 17. Nf3 Ba6
18. Kd1 Rac8 19. Nd2 d5 $1 20. Rxd5 (20. cxd5 Rxc3 {/\ Rd3-+}) 20... Bxc4 (
20... Rxd5 21. cxd5 Rxc3 22. Re1 $132) 21. Rxd8+ Rxd8 22. a3 Bb3+ 23. Ke2 Bc2
24. Nf3 Be4 25. Re1 Kf8 26. g3 Bxf3+ 27. Kxf3 Rc8 28. Rc1 Rc4 29. Ke3 Ra4 30.
Ra1 Ke7 31. Kd3 Kd6 32. Kc2 Kc6 33. f3 Ra5 34. a4 g5 35. Kb3 Rf5 36. Rf1 Kc5
37. Rf2 a6 38. Rf1 Rd5 39. Kc2 Rf5 40. Kd3 Kc6 41. Kc4 Rc5+ 42. Kb3 Re5 43. g4
f5 44. f4 gxf4 {Ftacnik,L} 1/2-1/2

[Event "Pamplona 9091 1st"]
[Site "Pamplona"]
[Date "1990.??.??"]
[Round "?"]
[White "Kortschnoj, Viktor Lvovich"]
[Black "Polgar, Judit"]
[Result "1-0"]
[WhiteElo "2630"]
[BlackElo "2540"]
[Annotator "Wahls,M"]
[PlyCount "93"]
[EventDate "1990.12.??"]
[EventType "tourn"]
[EventRounds "9"]
[EventCountry "ESP"]
[EventCategory "12"]
[SourceTitle "CBM 021"]
[Source "ChessBase"]
[SourceDate "1991.04.01"]
[SourceVersion "1"]
[SourceVersionDate "1991.04.01"]
[SourceQuality "1"]

1. d4 Nf6 2. Nf3 g6 3. c4 Bg7 4. Nc3 O-O 5. e4 d6 6. Be2 e5 7. O-O Nc6 8. d5
Ne7 9. Ne1 Nd7 10. Be3 f5 11. f3 f4 12. Bf2 g5 13. a4 Ng6 14. a5 Rf7 15. b4 Nf6
16. c5 Bf8 17. cxd6 Bxd6 18. Nd3 Rg7 19. Nc5 Nf8 20. Nb5 g4 21. Bh4 $1 {neu} (
21. Qe1 $2 {Kortschnoi-Nunn,Amsterdam 1990}) 21... h5 22. Bc4 Qe7 23. Kh1 a6 $2
(23... Kh8 24. Rc1 a6 25. Nxd6 cxd6 26. Ne6 Nxe6 27. dxe6 Bxe6 28. Bxf6 Qxf6
29. Qxd6 Re8 30. Bxe6 Qxe6 31. Qxe6 Rxe6 $10) (23... Kh7 24. Rc1 a6 25. Nxd6
cxd6 26. Na4 gxf3 27. gxf3 Bh3 28. Rg1 Ng6 29. Bg5 Rag8 30. Qe1 Qf7 31. Nb6 Nf8
32. Qh4 Bg4 $5 $132) 24. Nxc7 $18 Qxc7 25. Bxf6 Rf7 26. Bg5 Nd7 27. Rc1 Nxc5
28. bxc5 Qxc5 29. Qe1 Bd7 30. Qh4 Rc8 31. Bf6 Qd4 32. Qg5+ Kf8 33. Qh6+ Ke8 34.
Qh8+ Rf8 35. Qxh5+ Rf7 36. fxg4 Rxc4 37. g5 Rxc1 38. Rxc1 Qe3 39. Rf1 f3 40.
gxf3 Qf4 41. Rg1 Bf8 42. g6 Qxf6 43. gxf7+ Ke7 44. Rg6 Qxf7 45. d6+ Kd8 46.
Qg5+ Kc8 47. Rf6 1-0